000 00392nam a2200145Ia 4500
008 230917s9999||||xx |||||||||||||| ||und||
040 _e187657
_aMAIN
041 _aEnglish
082 _a330.122 L579C
100 _aLevkovsky, A I
245 0 _aCapitalism in India: Basic trends in its development
260 _aBombay
_bPeoples Publishing House
_c1966
300 _avi, 663 p.
942 _cBK
999 _c79137
_d79137